000 00424nam a22001697a 4500
003 SGT
020 _a9789388022767
082 _a616.01
100 _aR23B
245 _aBAREJA, RAJESH
_bRB'S PRACTICAL MEDICAL MICROBIOLOGY FOR BMLT
250 _a1ST
260 _aINDIA
_bINNOVATIVE PUB
_c2023
300 _a138
650 _aMICROBIOLOGY
653 _aRB'S PRACTICAL MEDICAL MICROBIOLOGY FOR BMLT
942 _2ddc
_cBK
999 _c33391
_d33391